000 00258nam a22001217a 4500
082 _a920
_bRAM/M
100 _aRAMESH,B.G
245 _aMOTHER TERESA
260 _aBANGALORE
_bVASAN PUBLICATIONS
300 _a48
650 _aBIOGRAPHY
_zBANGALORE
942 _cBK
999 _c5893
_d5893